| 000 | 00454nam a2200169Ia 4500 | ||
|---|---|---|---|
| 008 | 230917s9999||||xx |||||||||||||| ||und|| | ||
| 020 | _cRS350 | ||
| 040 |
_e256630 _aMAIN |
||
| 041 | _aEnglish | ||
| 082 | _a940.28 M278A | ||
| 100 | _aMahajan, Vidyadhar | ||
| 245 | 0 | _aAdhunik Europe ka itihas: 1789 se aaj tak | |
| 260 |
_aNew Delhi _bS Chand _c2018 |
||
| 300 | _a920 p. | ||
| 500 | _a3554 24/07/2019 HBD19/7876 30/07/2019 Main Budget | ||
| 942 | _cBK | ||
| 999 |
_c32043 _d32043 |
||